1429 1900 1636 1552 1355 1690 1271 1919 1685 1757 1357 1459 1684 1038 1406 1297 1016 1878 1657 1315 1624 1143 1597 1723 1403 1780 1563 1888 1112 1485 1832 1354 1979 1500 1661 1647 1820 1179 1853 1697 1383 1014 1714 1193 1829 1346 1460 1508 1932 1074 1824 1878 1512 1058 1960 1620 1231 1288 1537 1772 1160 1026 1819 1058 1543 1343 1854 1008 1277 1730 1822 1579 1984 1999 1350 1887 1888 1130 1447 1456 1321 1356 1019 1540 1432 1533 1619 1307 1981 1122 1075 1840 1921 1670 1158 1357 1926 1654 1078 BCNSPRNW ULIB Ver.6.0+V

เปลี่ยนเป็นภาษาไทย

Change to English
 แสดงรายละเอียดบรรณานุกรม
  กลับหน้าหลัก

Brief Record : Get Marc (ISO 2709) : E-mail record : QR code < ปิดหน้าต่าง
LEADER : 00000nam 2200000uu 4500
001    13399111133
003     ULIB
008    110616s||||||||th 000 0 tha d
020    9786162000454
050  4 TK5105.888^bจ392ส 2552
100 0  จิตาตินันท์ สิงห์คศิริ
245 10 สร้างและใช้งานแบบสอบถามออนไลน์ ง่ายและฟรีด้วย Googledocuments /^cจิตาตินันท์ สิงห์คศิริ
250    พิมพ์ครั้งที่ 1
260    นนทบุรี :^bบริษัท ไอดีซี ดิสทริบิวเตอร์ เซ็นเตอร์ จำกัด,^c2552
300    ii, 139 หน้า :^bภาพประกอบ ;^c19 ซม.
500    ชื่อเรื่องจากปกนอก
650  7 การประมวลผลข้อมูลแบบออนไลน์
650  7 กูเกิล (บริการออนไลน์)
650  7 แบบสอบถาม
650  7 เว็บไซต์^xการออกแบบ
650  7 เวิร์ดโปรเซสซิง
945    ^p159^l0^i030161
995    เกษร
999 ^a ใช้งานได้ทุกระบบ
รายการนี้ยังไม่มีแท็ก
คุณยังไม่ได้ล็อกอิน คุณสามารถมีกิจกรรมร่วมกับเว็บไซต์ได้ แต่ต้องล็อกอินก่อน ::
  ล็อกอิน

รายการสื่อสารสนเทศ

ลำดับที่ ประเภท เลขเรียก/บาร์โค้ด สถานที่ สถานะ
1. การศึกษาทั่วไป
การศึกษาทั่วไป
TK5105.888 จ392ส 2552 ฉ.1 
  Barcode: 030161
ห้องสมุดวิทยาเขตนครสวรรค์
►หนังสือทั่วไป:l:General Books
บนชั้น

รายการใกล้เคียง
    ผู้แต่ง [จิตาตินันท์ สิงห์คศิริ]

    หัวเรื่อง [การประมวลผลข้อมูลแบบออนไลน์]
    หัวเรื่อง [กูเกิล (บริการออนไลน์)]
    หัวเรื่อง [แบบสอบถาม]
    หัวเรื่อง [เวิร์ดโปรเซสซิง]

BibComment


ยังไม่เคยถูกคอมเมนท์

คอมเมนท์ทรัพยากรรายการนี้
  คอมเมนท์: สร้างและใช้งานแบบ..


 Copyright 2026. Bcnsprnw @Library